Top 50 Death Metal Albums - Statistics

General Stats
  • This quiz has been taken 147 times
  • The average score is 22 of 50
Answer Stats
Artist Album % Correct
#13: Death Leprosy
95%
#2: Death Human
84%
#1: Death Symbolic
81%
#14: Entombed Left Hand Path
76%
#3: Death The Sound of Perseverance
76%
#4: Morbid Angel Altars of Madness
74%
#20: Carcass Heartwork
71%
#5: Death Individual Thought Patterns
70%
#32: Possessed Seven Churches
61%
#8: Cryptopsy None So Vile
60%
#39: Obituary Cause of Death
58%
#19: Morbid Angel Covenant
57%
#15: Gojira From Mars to Sirius
56%
#34: At the Gates Slaughter of the Soul
55%
#21: Entombed Clandestine
52%
#23: Morbid Angel Blessed Are the Sick
51%
#28: Suffocation Effigy of the Forgotten
47%
#7: Gorguts Obscura
46%
#12: Dismember Like an Ever Flowing Stream
44%
#27: Autopsy Severed Survival
44%
#31: Bolt Thrower The IVth Crusade
44%
#10: Autopsy Mental Funeral
42%
#26: Suffocation Pierced from Within
42%
#40: In Flames The Jester Race
42%
#6: Atheist Unquestionable Presence
42%
#44: Nile Annihilation of the Wicked
39%
#35: Terrorizer World Downfall
39%
#9: Edge of Sanity Crimson
36%
#42: Atheist Piece of Time
36%
#17: Bolt Thrower Those Once Loyal
35%
#22: Cynic Focus
34%
#37: Bolt Thrower ...For Victory
34%
#16: Carcass Necroticism - Descanting the Insalubrious
33%
#24: Pestilence Consuming Impulse
32%
#18: Demilich Nespithe
32%
#25: Incantation Onward to Golgotha
32%
#11: Immolation Close to a World Below
31%
#38: Gorguts Colored Sands
31%
#49: Amorphis Tales from the Thousand Lakes
27%
#47: Gorguts The Erosion of Sanity
27%
#41: Dark Tranquility The Gallery
26%
#30: Immolation Here in After
24%
#33: Incantation Mortal Throne of Nazarene
21%
#48: Nile In Their Darkened Shrines
19%
#45: Demigod Slumber of Sullen Eyes
19%
#29: Incantation Diabolical Conquest
17%
#43: Necrophobic The Nocturnal Silence
17%
#46: Ulcerate Everything is Fire
16%
#50: Brutality Screams of Anguish
14%
#36: Immolation Unholy Cult
13%
No matching quizzes found
Score Distribution
Percent of People with Each Score
Percentile by Number Answered
Your Score History
You have not taken this quiz